000 00419nam a2200169 i 4500
001 bg
100 1 _aBAJER, V. N.
245 0 _aIzlučenie reljativistskich elektronov /
_cV.N. Bajer, V.M. Katkov, V.S. Fadin.
260 _aMoskva,
_c1973.
700 1 _aKATKOV, V. M.
700 1 _aFADIN, V. S.
040 _cBPK
041 _apol
080 _a539.12
942 _cKS
008 s pl f |000 0 pol
999 _c15567
_d15567
856 _uhttp://koha.tu.koszalin.pl/cgi-bin/koha/opac-detail.pl?biblionumber=15567
_yKatalog online BPK